Welcome to WEB OPAC of MRSPTU Central Library

Schaum’s outline of electronic devices and circuits (Record no. 2850)

MARC details
000 -LEADER
fixed length control field 00424nam a2200157Ia 4500
008 - FIXED-LENGTH DATA ELEMENTS--GENERAL INFORMATION
fixed length control field 230711s9999||||xx |||||||||||||| ||und||
041 ## - LANGUAGE CODE
Language code of text/sound track or separate title ENG
082 ## - DEWEY DECIMAL CLASSIFICATION NUMBER
Classification number 621
Item number CA-E
100 ## - MAIN ENTRY--PERSONAL NAME
Personal name Cathey,J J
245 #0 - TITLE STATEMENT
Title Schaum’s outline of electronic devices and circuits
250 ## - EDITION STATEMENT
Edition statement 2nd . . Ed.
260 ## - PUBLICATION, DISTRIBUTION, ETC.
Date of publication, distribution, etc. 2006
Place of publication, distribution, etc. New Delhi
Name of publisher, distributor, etc. Tata McGraw Hill Education Limited
300 ## - PHYSICAL DESCRIPTION
Extent 302
650 ## - SUBJECT ADDED ENTRY--TOPICAL TERM
Topical term or geographic name entry element Electronics Engineering
942 ## - ADDED ENTRY ELEMENTS (KOHA)
Koha item type Book
Holdings
Withdrawn status Lost status Damaged status Not for loan Collection Home library Current library Date acquired Total checkouts Full call number Barcode Date last seen Price effective from Koha item type Date last checked out
          MRSPTU Central Library MRSPTU Central Library     621 CA-E 10990 08/17/2023 08/17/2023 Book  
          MRSPTU Central Library MRSPTU Central Library     621 CA-E 15536 08/17/2023 08/17/2023 Book  
          MRSPTU Central Library MRSPTU Central Library   1 621 CA-E 15537 11/19/2025 08/17/2023 Book 10/27/2025
          MRSPTU Central Library MRSPTU Central Library   1 621 CA-E 15538 11/19/2025 08/17/2023 Book 10/27/2025
          MRSPTU Central Library MRSPTU Central Library   1 621 CA-E 15539 12/11/2025 08/17/2023 Book 10/27/2025

Website Designed and Developed by MRSPTU Central Library Team

E-mail Id: librarian@mrsptu.ac.in